Публічна політика: вступ до теорії і практики аналізу політики (Запис № 330265)

МАРК-запис
000 -Лідер
fixed length control field 00847nam a22002537a 4500
001 - Контрольний номер
control field 44140
003 - Ідентифікатор контрольного номера
control field UA-OsUOA
005 - Дата та час останнього входження (трансакції)
control field 20201216202112.0
007 - Фіксоване поле фізичного опису
fixed length control field ta
008 - Елементи даних фіксованої довжини – загальна інформація
fixed length control field 20070207b un ||||| |||| 00| 0 ukr d
020 ## - Міжнародний стандартний книжковий номер (ISBN)
Міжнародний стандартний книжковий номер (ISBN) (НП) 966-518-362-1
040 ## - Джерело каталогізації
Агенція оригінальної каталогізації UA-OsUOA
Мова каталогізації ukr
Агенція, яка здійснювала перезапис UA-OsUOA
Агенція, яка здійснювала модифікацію UA-OsUOA
041 ## - Код мови
Код мови тексту/ звукової доріжки чи окремого заголовка (П) ukr
Код мови тексту оригіналу та/або проміжних перекладів (П) Мова оригіналу
080 ## - Індекс Універсальної десяткової класифікації
Індекс Універсальної десяткової класифікації (УДК) (НП) 321
090 ## - Локальний шифр розміщення
Класифікаційний індекс УДК 321
Авторський знак (НП) П 18
100 ## - Основне введення – ім’я особи
Ім’я особи (НП) Парсонс В.
245 ## - Відомості про назву
Назва (НП) Публічна політика: вступ до теорії і практики аналізу політики
260 ## - Публікація, розповсюдження і т.п. (Вихідні дані)
Місце публікації, розповсюдження і т.п. (П) К.
Ім’я/ наймення видавництва, розповсюджувача і т.п. (П) КМА
Дата публікації, розповсюдження і т.п. (П) 2006
300 ## - Фізичний опис
Обсяг 549 с.
650 #7 - Додаткове предметне введення – тематичний термін
Тематичний термін чи географічна назва, як елемент введення (НП) 321 Форми політичних організацій. Держави як політичні влади
Джерело заголовка чи терміна UDC
942 ## - Додаткові елементи входу (Коха)
Тип елемента Koha Книги
Source of classification or shelving scheme Universal Decimal Classification
955 ## - Код типу видання за змістом
Код типу видання за змістом (НП) Навчальні видання
Фонди
Стан вилучень Стан втрат Джерело класифікації або схеми стелажів Стан уражень Не для кредиту Постійне місце розташування Поточне розміщення Дата придбання Джерело придбання Вартість, звичайна ціна покупки Інвентарний номер Усього замовленно Повний номер виклику Штрих-код Дата останнього перегляду Ціна ефективна від Тип елемента Koha
    Universal Decimal Classification     ЧЗ - Читальна зала ЧЗ - Читальна зала 18/12/2006 152/2006 48.60 102008   321 П18 102008 07/02/2022 18/12/2006 Книги
    Universal Decimal Classification     ЧЗ - Читальна зала ЧЗ - Читальна зала 07/02/2007 16/2007 48.60 102806   321 П 18 102806 07/02/2022 07/02/2007 Книги
    Universal Decimal Classification     ЧЗ - Читальна зала ЧЗ - Читальна зала 07/02/2007 16/2007 48.60 102807   321 П 18 102807 05/02/2022 07/02/2007 Книги
    Universal Decimal Classification     ЧЗ - Читальна зала ЧЗ - Читальна зала 07/02/2007 16/2007 48.60 102808   321 П 18 102808 07/02/2022 07/02/2007 Книги
    Universal Decimal Classification     ЧЗ - Читальна зала ЧЗ - Читальна зала 07/02/2007 16/2007 48.60 102809   321 П 18 102809 05/02/2022 07/02/2007 Книги
    Universal Decimal Classification     ЧЗ - Читальна зала ЧЗ - Читальна зала 07/02/2007 16/2007 48.60 102810   321 П 18 102810 07/02/2022 07/02/2007 Книги
    Universal Decimal Classification     ЧЗ - Читальна зала ЧЗ - Читальна зала 07/02/2007 16/2007 48.60 102811   321 П 18 102811 05/02/2022 07/02/2007 Книги
    Universal Decimal Classification     ЧЗ - Читальна зала ЧЗ - Читальна зала 07/02/2007 16/2007 48.60 102812   321 П 18 102812 07/02/2022 07/02/2007 Книги
    Universal Decimal Classification     ЧЗ - Читальна зала ЧЗ - Читальна зала 04/08/2008 90/2008 50.40 114035   321 П18 114035 05/02/2022 04/08/2008 Книги
    Universal Decimal Classification     ЧЗ - Читальна зала ЧЗ - Читальна зала 04/08/2008 90/2008 50.40 114036   321 П18 114036 05/02/2022 04/08/2008 Книги